000 00502nam a2200181Ia 4500
003 OSt
005 20260114153016.0
008 210210b1961 xxu||||| |||| 00| 0 eng d
040 _cAL
041 _aKannada
082 _a859/932
100 _aNARENDRABABU (M)
_9145501
_dನರೇಂದ್ರಬಾಬು (ಎಂ).
245 _aSatyabhama:
_bಸತ್ಯಭಾಮ
260 _aBengaluru
_bSharada Prakatanalalya
_c1961
690 _aKannada Fiction
_9145502
906 _a021682
942 _2ddc
_cBK
999 _c145778
_d145778